Normal view
MARC view
Entry Corporate Name
001 - CONTROL NUMBER
- control field: 10020
003 - CONTROL NUMBER IDENTIFIER
- control field: BD-RjUL
005 - DATE AND TIME OF LATEST TRANSACTION
- control field: 20231113124402.0
008 - FIXED-LENGTH DATA ELEMENTS
- fixed length control field: 231113|| aca||aabn | a|a d
040 ## - CATALOGING SOURCE
- Original cataloging agency: BD-RjUL
- Transcribing agency: BD-RjUL
110 ## - HEADING--CORPORATE NAME
- Corporate name or jurisdiction name as entry element: Iran.
- Subordinate unit: Sitād-i Artish.
- Subordinate unit: Dāyirah-i Jughrāfiyā'ī
670 ## - SOURCE DATA FOUND
- Source citation: Work cat.: (BD-RjUL)82277: Iran. Sitād-i Artish. Dāyirah-i Jughrāfiyā'ī, cartographer., تذکره شعرای کشمیر =Tadhkira Shu'rai Kasmir /, 1967